Pays du monde par superficie avec une carte - Statistiques

Statistiques générales
  • Ce quiz a été pris 538 fois
  • Le résultat moyen est 76 sur 196
Réponses sur la Carte
Les réponses sont colorées sur une échelle allant du rouge au vert en fonction du pourcentage des utilisateurs qui les ont devinées à leur premier essai. Vous pouvez retrouver ces pourcentages ci-dessous.
 
Statistiques - réponses
Lettre Superficie Pays % Correct
R 17 098 246 km² Russie
100%
C 9 984 670 km² Canada
97%
C 9 600 000 km² Chine
97%
E 9 843 937 km² États-Unis
97%
B 8 515 767 km² Brésil
95%
A 7 692 024 km² Australie
93%
I 3 287 263 km² Inde
93%
A 2 780 400 km² Argentine
87%
K 2 724 902 km² Kazakhstan
87%
A 2 381 741 km² Algérie
85%
R (C) 2 344 858 km² République démocratique du Congo
85%
D 2 210 573 km² Danemark
82%
M 1 964 375 km² Mexique
79%
A 2 206 714 km² Arabie Saoudite
77%
I 1 910 931 km² Indonésie
74%
L 1 676 198 km² Libye
72%
M 1 564 116 km² Mongolie
72%
S 1 861 484 km² Soudan
72%
I 1 628 198 km² Iran
71%
P 1 285 216 km² Pérou
69%
N 1 267 000 km² Niger
67%
T 1 284 000 km² Tchad
66%
A 1 221 037 km² Afrique du Sud
65%
A 1 246 700 km² Angola
65%
M 1 240 192 km² Mali
65%
C 1 141 748 km² Colombie
64%
E 1 104 300 km² Ethiopie
64%
F 672 051 km² France
64%
T 947 303 km² Tanzanie
64%
V 912 050 km² Venezuela
64%
Z 752 612 km² Zambie
64%
E 1 002 000 km² Égypte
63%
M 1 030 700 km² Mauritanie
63%
N 824 116 km² Namibie
63%
N 923 768 km² Nigeria
63%
B 1 098 581 km² Bolivie
62%
P 796 095 km² Pakistan
62%
T 780 004 km² Turquie
62%
U 603 500 km² Ukraine
61%
Y 527 968 km² Yémen
61%
M 799 380 km² Mozambique
60%
C 756 102 km² Chili
59%
B 676 553 km² Birmanie
58%
K 591 958 km² Kenya
58%
M 712 550 km² Maroc
58%
A 652 864 km² Afghanistan
57%
S 658 841 km² Soudan du Sud
57%
Z 390 757 km² Zimbabwe
57%
M 587 295 km² Madagascar
56%
E 505 944 km² Espagne
55%
J 377 930 km² Japon
55%
S 637 657 km² Somalie
55%
A 357 386 km² Allemagne
54%
F 338 413 km² Finlande
54%
O 448 969 km² Ouzbékistan
54%
S 438 574 km² Suède
54%
I 435 052 km² Irak
53%
N 386 486 km² Norvège
53%
P 462 840 km² Papouasie-Nouvelle-Guinée
53%
T 513 120 km² Thaïlande
53%
T 488 100 km² Turkménistan
53%
B 582 000 km² Botswana
52%
I 302 073 km² Italie
52%
O 309 500 km² Oman
52%
V 330 967 km² Viêt Nam
52%
C 475 650 km² Cameroun
51%
P 406 752 km² Paraguay
51%
P 312 679 km² Pologne
51%
R (C) 342 000 km² République du Congo
51%
R 622 984 km² République Centrafricaine
48%
N 268 615 km² Nouvelle-Zélande
47%
P 299 764 km² Philippines
47%
M 330 345 km² Malaisie
46%
R 238 391 km² Roumanie
45%
K 199 949 km² Kirghizistan
44%
R 261 427 km² Royaume-Uni
44%
C 322 462 km² Côte d'Ivoire
43%
G 267 668 km² Gabon
43%
B 207 600 km² Biélorussie
42%
E 257 217 km² Équateur
42%
G 245 836 km² Guinée
42%
O 241 550 km² Ouganda
42%
U 173 626 km² Uruguay
41%
B 272 967 km² Burkina Faso
40%
S 185 180 km² Syrie
40%
L 236 800 km² Laos
38%
G 238 537 km² Ghana
37%
S 196 712 km² Sénégal
37%
C 181 035 km² Cambodge
36%
G 214 969 km² Guyana
35%
T 163 610 km² Tunisie
35%
V 0,44 km² Vatican
35%
G 131 967 km² Grèce
33%
M 2,08 km² Monaco
33%
N 147 181 km² Népal
33%
R (T) 78 870 km² République Tchèque
33%
C 120 538 km² Corée du Nord
32%
H 112 492 km² Honduras
32%
H 93 022 km² Hongrie
32%
I 103 000 km² Islande
32%
S 163 820 km² Suriname
32%
B 110 372 km² Bulgarie
31%
T 142 600 km² Tadjikistan
31%
B 147 570 km² Bangladesh
30%
N 130 373 km² Nicaragua
30%
C 100 339 km² Corée du Sud
29%
E 117 600 km² Érythrée
29%
J 89 318 km² Jordanie
28%
P 92 226 km² Portugal
28%
A 83 882 km² Autriche
27%
B 114 763 km² Bénin
27%
C 109 884 km² Cuba
27%
G 108 889 km² Guatemala
27%
I 69 825 km² Irlande
27%
L 111 369 km² Liberia
27%
S 77 474 km² Serbie
27%
A 86 600 km² Azerbaïdjan
26%
I (M) 181 km² Îles Marshall
26%
I (S) 28 896 km² Îles Salomon
26%
M 117 726 km² Malawi
26%
N 21 km² Nauru
26%
T 26 km² Tuvalu
26%
L 65 286 km² Lituanie
25%
Q 11 637 km² Qatar
25%
E 71 024 km² Émirats Arabes Unis
24%
E (M) 702 km² États fédérés de Micronésie
24%
L 64 573 km² Lettonie
24%
L 160 km² Liechtenstein
24%
P 75 320 km² Panama
24%
S 61 km² Saint-Marin
24%
G 69 700 km² Géorgie
23%
H 27 750 km² Haïti
23%
B 30 528 km² Belgique
22%
E 45 227 km² Estonie
22%
S 49 035 km² Slovaquie
22%
K 726 km² Kiribati
21%
P 41 542 km² Pays-Bas
21%
S 72 300 km² Sierra Leone
21%
B 38 394 km² Bhoutan
20%
B 51 209 km² Bosnie-Herzégovine
20%
C 51 100 km² Costa Rica
20%
F 18 272 km² Fidji
20%
S 65 610 km² Sri Lanka
20%
S 41 291 km² Suisse
20%
A 468 km² Andorre
19%
A 29 743 km² Arménie
19%
C 56 594 km² Croatie
19%
K 17 818 km² Koweït
19%
T 56 785 km² Togo
19%
V 12 189 km² Vanuatu
19%
A 28 748 km² Albanie
18%
G 36 125 km² Guinée-Bissau
18%
M 33 847 km² Moldavie
18%
P 459 km² Palaos
18%
R 48 671 km² République Dominicaine
18%
T 36 197 km² Taïwan
18%
G 345 km² Grenade
17%
G 28 051 km² Guinée Équatoriale
17%
R 26 338 km² Rwanda
17%
S 261 km² Saint-Christophe-et-Niévès
17%
B 431 km² Barbade
16%
D 23 200 km² Djibouti
16%
I 22 072 km² Israël
16%
J 10 991 km² Jamaïque
16%
K 10 887 km² Kosovo
16%
L 30 355 km² Lesotho
16%
M 25 713 km² Macédoine du Nord
16%
S 20 273 km² Slovénie
16%
T 747 km² Tonga
16%
A 442 km² Antigua-et-Barbuda
15%
B 22 965 km² Belize
15%
B 27 834 km² Burundi
15%
L 2 586 km² Luxembourg
15%
S 616 km² Sainte-Lucie
15%
S 389 km² Saint-Vincent-et-les-Grenadines
15%
S 2 842 km² Samoa
15%
B 13 940 km² Bahamas
14%
E 17 363 km² Eswatini
14%
M 300 km² Maldives
14%
M 315 km² Malte
14%
M 13 888 km² Monténégro
14%
S 21 041 km² Salvador
14%
C 9 251 km² Chypre
13%
C 2 235 km² Comores
13%
D 750 km² Dominique
13%
L 10 452 km² Liban
13%
M 1 979 km² Maurice
13%
S 729 km² Singapour
13%
B 778 km² Bahreïn
12%
C 4 033 km² Cap-Vert
12%
S 964 km² Sao Tomé-et-Principe
12%
S 457 km² Seychelles
12%
T 14 919 km² Timor Oriental
12%
T 5 127 km² Trinité-et-Tobago
12%
B 5 765 km² Brunei
11%
G 11 295 km² Gambie
7%
Aucun quiz correspondant
Distribution des résultats
% des personnes avec chaque résultat
Percentile par nombre de réponses
Votre historique - résultats
Vous n’avez pas pris ce quiz